000 02573nam a22003377a 4500
999 _c21733
_d21733
003 AR-CdUCM
008 190425b ||||| |||| 00| 0 spa d
040 _aMUNICIPALIDAD PROVINCIAL DEL CUSCO
_cBIBLIOTECA MUNICIPAL DEL CUSCO
082 _aRev.Univ/N°76/1939
_bRev.Univ/N°76/1939
110 _aUniversidad Nacional de San Antonio Abad del Cusco
_915942
245 _aRevista Universitaria :
_bÓrgano de la Universidad del Cuzco /
260 _aCusco :
_bH. G. Rozas,
_c1939.
300 _a258 páginas. :
_c20 cm.
440 _aRevista Universitaria
_nAño XXVIII, 1° semestre 1939, N°76
_945909
500 _aHomenaje al Inca Garcilaso de la Vega en el IV centenario de su nacimiento.
505 _aContenido: Un legado del capitán Garcilaso de la Vega a su hijo natural Gómez Suárez. -- El Inca Garcilaso de la Vega. Miguel Ángel Nieto. -- Inca Garcilaso de la Vega. Alfredo Yépez Miranda. -- Garcilaso de la Vega precursor de los estudios botánicos en el Cuzco. Fortunato L. Herrera. -- El indio problema nacional. Rafael Larco Herrera. -- Apoteosis a Garcilaso poema. Hugo Flórez U. -- Personalidad del Inca Garcilaso de la Vega padre de las letras americanas. Luis de Zulueta. -- La vida en España de don Gómez Suárez de Figueroa. Luis Alberto Sánchez. -- Garcilaso de la Vega el hombre del doble destino. Rosa Arciniega. -- Inca Garcilaso de la Vega boceto dramático. Edmundo Delgado Vivanco. -- El oro de América y el Inca Garcilaso de la Vega. Julian Santisteban Ochoa. -- Cervantes y el Inca Garcilaso. A. Miro Quesada S. -- Conferencia en homenaje a Garcilaso. Luis A. Pardo. -- Elogio de Garcilaso de la Vega. José Gabriel Cosío. -- El Inca Garcilaso de la Vega. Gonzalo Zaldumbide. -- Garcilaso de la Vega Chimpu Ocllo. Manuel E. Cuadros. -- Dos cantos al Inca Garcilaso de la Vega y Chimpu Occllo. Baltazar Jara y Eguileta. -- El IV Centenario del Inca Garcilaso de la Vega. Carlos Ríos Pagaza. -- Garcilaso símbolo y simiente. Daniel E. Castillo.
650 _aCronistas
_91200
650 _aInca Garcilaso de la Vega
_9300
700 _aYépez Miranda, Alfredo
_94230
700 _aHerrera, Fortunato L
_931237
700 _aSánchez, Luis Alberto
_945910
700 _aDelgado Vivanco, Edmundo
_925661
700 _aArciniega, Rosa
_928297
700 _aSantisteban Ochoa, Julián
_929993
700 _aCosío, José Gabriel
_911720
700 _aPardo, Luis A
_925736
700 _aRíos Pagaza, Carlos
_945911
710 _aUniversidad Nacional de San Antonio Abad del Cusco
_915942
942 _2ddc
_cPP
945 _arac